| 000 | 00628nam a2200241Ia 4500 | ||
|---|---|---|---|
| 003 | OSt | ||
| 005 | 20220918200533.0 | ||
| 006 | a|||||r|||| 00| 0 | ||
| 007 | ta | ||
| 008 | 220917b |||||||| |||| 00| 0 eng d | ||
| 024 | _a89,221 | ||
| 037 | _cTextual | ||
| 040 |
_aARTS _cARTS _beng |
||
| 041 |
_2eng _aeng |
||
| 082 | _aT9(Y4), L0 | ||
| 100 |
_aKumar P.N. _994532 |
||
| 245 | 0 | _aEducational and vocational opportunities | |
| 260 |
_aAmbala _bEnglish Book Depot. _c1970 |
||
| 300 |
_avii, 232p. _ccm. |
||
| 650 | _aEDUCATION | ||
| 942 |
_hT9(Y4), L0 _cTEXL _2CC |
||
| 999 |
_c212891 _d212891 |
||